000 00543nam a2200193Ia 4500
008 140110s9999 xx 000 0 und d
020 _a9781600571053
_cUSD.12.99
040 _aLoreto College
041 _aEnglish
082 _a030/WOR
_bLCLIB/49399
245 4 _aThe world almanac and book of facts 2009
_cEdited by M.L.Liu
260 _aNew York
_bReader's Digest Trade Publishing
_c2009
300 _a1008p
_c18cm
504 _aIncludes index
650 _aAlmanac
700 _aLiu,M.L.,ed.
850 _aLCLIB/030/WOR
942 _cBK
999 _c38033
_d88512